| 000 | 01200caa a22002651ic4500 | ||
|---|---|---|---|
| 003 | SA-RiAUC | ||
| 005 | 20241216085815.0 | ||
| 008 | 241216s1999____ua g b 00010 ara c | ||
| 040 |
_aSA-MaUQU _bara _cSA-RiAUC _erda |
||
| 082 | 0 | 4 |
_a258.2 _qSA-RiAUC |
| 090 |
_a258.2 _bو ا ف |
||
| 100 | 1 |
_aالوافي، المهدي _eمؤلف. |
|
| 245 | 1 | 0 |
_aفقه الفقهاء السبعة وأثره في فقه الإمام مالك / _cتأليف الوافي المهدي. |
| 264 |
_aالقاهرة، _bمكتبة التراث الاسلامي: _c1999. |
||
| 300 |
_a2 مجلد ؛ _c24 سم |
||
| 336 |
_aنص _btxt _2rdacontent _3عمل تحليلي |
||
| 337 |
_aبدون وسيط _bn _2rdamedia |
||
| 338 |
_aمجلد _bnc _2rdacarrier |
||
| 504 | _aيشتمل على إرجاعات ببليوجرافية. | ||
| 580 | _aفي : فقه الفقهاء السبعة وأثره في فقه الإمام مالك. -الطبعة الأولى. -القاهرة : مكتبة التراث الإسلامي، 1999. -مجلد 2. | ||
| 650 | 7 |
_aالفقه المالكي _2aucsh |
|
| 650 | 7 |
_aالفقه الإسلامي _xمذاهب _2aucsh |
|
| 942 |
_2ddc _cBOOK |
||
| 949 |
_aSA-JeALM _d241216 _ukhaled123 _n1 |
||
| 999 |
_c3555 _d3555 |
||